000 00689cab a2200205 4500
001 WB3116-48
008 090401t1995 xxu||||| |||| 00| 0 eng d
035 _a(Sirsi) u57563
041 _aeng
245 _aLand rights trespass
260 _c1995
350 _a0
490 _aIndependent
_v24 April 1995, 4; 26 April 1995, 39(2)
520 _aFour hundred people launched a lands right charter by trespassing on St Georges Hill, Surrey, the site of the Levellers rising in 1649 and now a luxury housing estate and golf course.
650 _aLANDS RIGHT CHARTER
650 _aNEW LEVELLERS
690 _aHIGHWAYS RIGHTS OF WAY AND EASEMENTS
942 _n0
948 _c04/03/1997
999 _c35116
_d35116